| 000 | 01812nam a2200289 a 4500 | ||
|---|---|---|---|
| 001 | 000048407 | ||
| 003 | DO-SdBNP | ||
| 005 | 20240319121127.0 | ||
| 007 | ta | ||
| 008 | 190304s2012 dr ac 000 m spa d | ||
| 020 | _a9789945882025 | ||
| 040 |
_aDO-SdBNP _bspa _cBNPHU |
||
| 082 |
_a709.7293 _bC691e |
||
| 245 | 0 | 0 |
_aColección Eduardo León Jimenes de artes visuales : _bestructura, contenido, proyección, trascendencia / _ctextos Marianne de Tolentino, Rafael Emilio Yunén, Kerenia Guillarón, Sara Hermann, José M. Fernández Pequeño ; traducción Dolores Vicioso. |
| 260 |
_aSantiago de los Caballeros, República Dominicana : _bCentro León, _c2012. |
||
| 300 |
_a279 p. : _bil., retrs. ; _c24 cm. |
||
| 500 | _aIncluye datos biográficos de la autora en la solapa de la portada. | ||
| 505 | 0 |
_aDe cómo una colección de arte genera un dialogo permanente con la comunidad _rRafael Emilio Yunén -- _tColección y concurso Eduardo León Jimenes: memoria y proyección del arte dominicano / _rMarianne de Tolentino -- _tEl coleccionismo privado en la República Dominicana. La Colección Eduardo León Jimenes de Artes Visuales como paradigma / _rKarenia Guillarón, Sara Hermann -- _tConcurso de arte Eduardo León Jimenes: Un dialogo de medio siglo / _rJosé M. Fernandez Pequenó _tSelección de obras -- _tConcurso Eduardo León Jimenes: obras premiadas y jurados -- _tEduardo León Jimenes Visual Arts Collection: Structure, Content, Projections, Transcendence. |
|
| 590 | _aInventariado, 2019/LP | ||
| 700 | 1 |
_aTolentino, Marianne de _915222 |
|
| 700 | 1 |
_aYunén, Rafael Emilio _d1952- _92304 |
|
| 700 | 1 |
_aFernández Pequeño, José Manuel. _99243 |
|
| 700 | 1 |
_aGuillarón, Karenia. _975814 |
|
| 700 | 1 |
_aHermann, Sara. _958086 |
|
| 700 | 1 |
_aVicioso, Dolores, _974661 _etrad. |
|
| 942 |
_2ddc _cLBS1 |
||
| 999 |
_c47895 _d47895 |
||